000 nam a22 7a 4500
999 _c331390
_d331390
003 NUST
005 20170926152649.0
008 170926b xxu||||| |||| 00| 0 eng d
040 _cNUST
082 _a351
100 _aKhan,Ghassan, Ubaid,Malik, Azam,Javed, & Rehman,Adeeba
_95011
245 _aE-governance & corruption is e-governance an effective weapon to curb curroption
260 _aIslamabad
_c2014
300 _a89p
942 _2ddc
_cTH